| 000 | 01508aam a2200433 i 4500 | ||
|---|---|---|---|
| 999 |
_c27083 _d27055 |
||
| 001 | 015841143 | ||
| 003 | Uk | ||
| 005 | 20190207102307.0 | ||
| 008 | 110516s2012 inu b s001 0 eng | ||
| 015 |
_aGBB180514 _2bnb |
||
| 016 | 7 |
_a015841143 _2Uk |
|
| 020 | _a9780253356338 (hbk.) : | ||
| 020 | _a0253356334 (hbk.) : | ||
| 020 | _a9780253223173 (pbk.) : | ||
| 020 | _a0253223172 (pbk.) : | ||
| 040 |
_aStDuBDS _beng _cStDuBDS _dUk _dEG-ScBUE |
||
| 041 | 1 |
_aeng _hfre |
|
| 043 | _amm----- | ||
| 082 | 0 | 4 |
_a201.5091822 _222 _bSHA |
| 130 | 0 |
_aReligions traversées. _lEnglish. |
|
| 245 | 1 | 0 |
_aSharing sacred spaces in the Mediterranean : _bChristians, Muslims, and Jews at shrines and sanctuaries / _cedited by Dionigi Albera and Maria Couroucli. |
| 264 |
_aBloomington, IN: _bIndiana University Press; _c2012. |
||
| 300 |
_aviii, 279 pages ; _c24 cm. |
||
| 336 |
_atext _2rdacontent |
||
| 337 |
_aunmediated _2rdamedia |
||
| 338 |
_avolume _2rdacarrier |
||
| 490 | 0 | _aNew anthropologies of Europe | |
| 500 |
_aFormerly CIP. _5Uk |
||
| 504 | _aIncludes bibliographical references (p. 245-260) and index. | ||
| 650 | 7 |
_aReligious pluralism _zMediterranean Region. _2BUEsh |
|
| 650 | 7 |
_aMediterranean Region _xReligion. _2BUEsh |
|
| 650 | 0 |
_aChristianity _zMediterranean Region. |
|
| 650 | 7 |
_aJudaism _zMediterranean Region. _2BUEsh |
|
| 650 | 7 |
_aIslam _zMediterranean Region. _2BUEsh |
|
| 653 | _cFebruary2019 | ||
| 700 | 1 | _aAlbera, Dionigi. | |
| 700 | 1 | _aCouroucli, Maria. | |
| 942 |
_2ddc _cBB |
||